00563nam a22001817a 450000500170000001000150001702000260003202000230005803500130008103700130009408200170010710000180012424500720014226000430021427000500025730000240030750000500033120141015114026.0 aENG-111011 c150.00a9788175157057 c150.00a8175157054 aEN-94543 bDBAD/PUB a332.63270954 aSingh, Preeti aStudy of the performance of mutual fund in India /cby Preeti Singh aNew DelhibGalgotia Publicationsc2012 bNew Delhie110002a5, Ansari Road, Darya Ganj axi,173p.c22cm(pbk) aIncludes bibliographical references and index